000 00915nam a22001935i 4500
001 178715
003 ES-MaACL
005 20230906220605.0
008 110613s1974 sp ad |||| | spa d
080 _a616.12-008.33
100 1 _aValbuena Briones, Agustín.
_9147153
245 1 0 _aContribución al estudio del comportamiento de la hipertensión arterial del insuficiente renal crónico terminal después del transplante de riñón /
_cresumen de la tesis presentada para aspirar al grado de doctor en medicina por José Bonet Vic.
260 _aBarcelona :
_bUniversidad de Barcelona, Secretariado de Publicaciones, Intercambio Científico y Extensión Universitaria :
_b[Ivern],
_c1974.
300 _a15 p. :
_bil. bl. y n. ;
_c24 cm.
500 _aCub. tomada como port.
650 4 _aHipertensión.
_9147072
710 2 _aUniversidad de Barcelona.
_97141
852 _aES-MaACL
_jE-15361 (118)
_xOlim P-1374
999 _c178715
_d178715